000
00208 a2200097 4500
001
47313
100
_a
Thal H
245
_a
Famous Land battles
260
_a
London
_b
Arthur barker
_c
090
_c
30351
_d
30351
942
_a
NUST-CAE
_c
M
_c
22616
999
_c
282386
_d
282386